Majority English Speaking Countries with Map - Statistics

General Stats
  • This quiz has been taken 624 times
  • The average score is 32 of 60
Answers on the Map
Answers color-coded by a green-red scale on the quiz's map according to % correct below.
 
Answer Stats
% Answer % Correct
95% U.S.A.
99%
86% Canada
98%
98% U.K.
98%
98% Ireland
95%
97% Australia
92%
98% New Zealand
88%
98% Jamaica
77%
88% Bahamas
76%
99% Barbados
68%
86% Sweden
67%
82% Belize
66%
78% St. Kitts and Nevis
66%
90% Netherlands
65%
80% Norway
65%
95% St. Vincent and the Grenadines
65%
86% Denmark
64%
56% Germany
64%
89% Malta
64%
88% Trinidad and Tobago
64%
80% Antigua and Barbuda
63%
70% Finland
63%
57% Nigeria
62%
60% Belgium
61%
91% Guyana
61%
83% Singapore
61%
94% Dominica
60%
98% Iceland
60%
91% Grenada
58%
98% Marshall Islands
53%
95% Palau
53%
64% Philippines
53%
73% Cyprus
52%
97% Nauru
52%
55% Tuvalu
52%
58% Micronesia
50%
61% Switzerland
50%
84% Vanuatu
49%
73% Austria
48%
67% Ghana
48%
56% Luxembourg
48%
85% Israel
45%
84% U.A.E.
44%
50% Malaysia
43%
50% Estonia
40%
97% Qatar
38%
51% Greece
37%
90% Maldives
37%
54% Taiwan
34%
83% Liberia
33%
51% Oman
33%
51% Bahrain
32%
84% Sierra Leone
32%
95% Saudi Arabia
31%
60% Cuba
30%
58% South Korea
30%
87% Suriname
25%
59% Slovenia
23%
65% Albania
17%
75% Serbia
15%
54% Vietnam
15%
No matching quizzes found
Score Distribution
Percent of People with Each Score
Percentile by Number Answered
Your Score History
You have not taken this quiz